Basketteurs de A à Z (par images). - Statistiques

Statistiques générales
  • Ce quiz a été pris 3 407 fois
  • Le résultat moyen est 17 sur 25
Statistiques - réponses
Par images Réponse % Correct
Luka Dončić
96%
Nikola Jokić
95%
Anthony Edwards
89%
Draymond Green
89%
Bam Adebayo
87%
Victor Wembanyama
84%
Trae Young
83%
De'Aaron Fox
79%
Brook Lopez
76%
Paolo Banchero
74%
Kyle Kuzma
72%
Tyrese Maxey
70%
Brandon Ingram
68%
Kristaps Porziņģis
68%
D'Angelo Russell
66%
Josh Hart
62%
Jordan Clarkson
59%
Nikola Vucevic
58%
Jusuf Nurkić
57%
Ivica Zubac
56%
Alperen Şengün
54%
Myles Turner
50%
Kelly Olynyk
33%
Immanuel Quickley
28%
Stanley Umude
2%
Aucun quiz correspondant
Distribution des résultats
% des personnes avec chaque résultat
Percentile par nombre de réponses
Votre historique - résultats
Vous n’avez pas pris ce quiz